000 00731nab a2200229 u 4500
001 09659
003 HDC
007 cr bn ---aaaaa
008 210202c mydr|nes 0 a may d
040 _aHDC
245 0 _aMajority of Malaysians unhappy in workplace
260 _aKuala Lumpur :
_bThe Business TImes,
_c2012
336 _atext
_2rdacontent
337 _acomputer
_2rdamedia
338 _aonline resource
_2rdacarrier
650 _aBehaviors
_99920
650 _aWork issues
_99919
856 _zRequest full-text at [email protected]
942 _2lcc
942 _cNEWS
942 _kNWSC 003020
999 _c6982
_d6982